| Registos Bibliográficos associados ao registo de autoridade |
|
Etiqueta de registo: 00254nam 2200025 450 001 2274698 003 http://id.bnportugal.gov.pt/bib/catbnp/2274698 021 ## $aPT$b557474/25 100 ## $a20260303d2025 m y0pory01030103ba 101 0# $apor 102 ## $aPT 105 ## $ay z 000ey 106 ## $ar 200 1# $aQuando um rouxinol cantava os dias$ecartas de amor (1972-1975)$fMaria Filomena Martins de Almeida Nunes, Gil Vila Rodrigues$gtransc. Graça Batista 210 #9 $aVila Velha de Ródão$cMunicípio de Vila Velha de Ródão,$d2025 215 ## $a97 p.$cil.$d21 cm 675 ## $a821.134.3-6"20"$vBN$zpor$31050157 700 #1 $aNunes,$bMaria Filomena Martins de Almeida$31988437 701 #1 $aRodrigues,$bGil Vila$4070$31988438 702 #1 $aBatista,$bGraça$4070$31537526 801 #0 $aPT$bBN$gRPC 856 41 $uhttp://rnod.bnportugal.gov.pt/ImagesBN/winlibimg.aspx?skey=&doc=2274698&img=221128&save=true 966 ## $lBN$mFGMON$sL. 181305 V.$x1 966 ## $lBN$mFGMON$sL. 181305 V.-D$x1 971 ## $cisantos$d20260303 973 ## $ctrodrigues$d20260408
|
|
|